Quizzes
Events
Quiz Creation
Community
Videos
Private Events
Remove Ads
Sign In
Join for FREE
Feedback
Dark Mode
Quiz Categories
Sports
Geography
Music
Movies
Television
Just For Fun
Miscellaneous
History
Literature
Language
Science
Gaming
Entertainment
Religion
Holiday
For Kids
Quiz Lab
Recent
Popular Today
Quiz Kudos Today
Editor Picks
Curator Picks
Quizzes by...
Day
Popularity
Type
Ratings
Length
Year
Community
Subscriptions
Recent Discussions
Orange Saloon
Badges
Playlists
Quests
Create
Leaderboards
Showdown
Live 5
Trivia Bingo
Activity
Puzzle Library
Sporcle Events
Private Events
Virtual Trivia
Globe League
Become a Host
Pub Owners
SporcleCon
Opinionation
Our Games
Videos
Blog
Mobile Apps
Partnerships
Remove Ads and Go Orange
Feedback
Entertainment
Celebrity
Famous
Musical
Broadway
Show
Quote
Comic Books
Anime
Superhero
DC Comics
Marvel
Cartoons
Animation
Entertainment
Celebrity
Famous
Musical
Broadway
Show
Quote
Comic Books
Anime
Superhero
DC Comics
Marvel
Cartoons
Animation
Random Quiz
Search Sporcle
×
Quiz Lab
Quiz Lab
Entertainment
Disney World
Type in answers that appear in a list
Type in answers that appear in a list
Classic
Best Score? Go Orange.
Disney World Attractions w/ FAST PASS Stats
Can you name the Magic Kingdom Attractions w/ FAST PASS?
By
Hassan56
10m
26 Questions
676 Plays
676 Plays
676 Plays
Comments
Comments
Give Quiz Kudos
Give Quiz Kudos
-
- Ratings
hide this ad
Replay
Link that replays current quiz
Next Quiz
Link to next quiz in quiz playlist
You Got
0%
They Got
Avg Score
73%
Avg Friend Score
Upgrade to see
Score Distribution
Jump to the score distribution portion of the page
Score
0/26
Timer
10:00
0
Plays Today
Theme Park
Attraction Name
% Correct
EPCOT
Mission: SPACE
97.9%
Magic Kingdom
Big Thunder Mountain Railroad
95.7%
Magic Kingdom
Splash Mountain
95.6%
Magic Kingdom
Space Mountain
92.8%
EPCOT
Test Track
87.9%
Magic Kingdom
Peter Pan's Flight
87%
Disney's Hollywood Studios
Rock 'n' Roller Coaster
86.8%
Magic Kingdom
Buzz Lightyear's Space Ranger Spin
86.5%
Disney's Hollywood Studios
The Twilight Zone Tower of Terror
85.7%
EPCOT
Soarin'
82.5%
Disney's Animal Kingdom
Expedition Everest
82%
Disney's Animal Kingdom
DINOSAUR
80.8%
Magic Kingdom
Jungle Cruise
77.5%
Theme Park
Attraction Name
% Correct
EPCOT
Maelstrom
72.9%
Disney's Animal Kingdom
Kali River Rapids
72.9%
Magic Kingdom
The Many Adventures of Winnie the Pooh
71.6%
Disney's Hollywood Studios
Toy Story Midway Mania
70.9%
Disney's Animal Kingdom
Kilimanjaro Safaris
69.7%
Disney's Hollywood Studios
Star Tours
65.8%
Disney's Animal Kingdom
Primeval Whirl
63.2%
Magic Kingdom
Stitch's Great Escape
59.9%
Disney's Animal Kingdom
It's Tough to be a Bug
55.9%
EPCOT
Living with the Land
54.4%
Magic Kingdom
Mickey's PhilharMagic
49.9%
Disney's Hollywood Studios
Voyage of the Little Mermaid
36.1%
EPCOT
Honey, I Shrunk the Audience
22.3%
Quiz Playlist
Details
Report
Send in Message
Add To Playlist
Classic:
Type in answers that appear in a list
Last Updated: Feb 14, 2019
Quiz Scoreboard
CHALLENGE
Sign Up to Join the Scoreboard
Show All
Scores
Hide
Comments
May contain spoilers
Recently Published
9x9 Crossword: Cartoon Network
by jackfrog10
Miscellaneous
3m
College Basketball Coaching Resumes
by pancakes188
Sports
9m
Billboard Blitz: Fleetwood Mac
by CooCooCachoo
Music
15s
More to Explore
Quiz From the Vault
Featured Blog Post
Where Did the Easter Bunny Come From?
hide this ad
You Might Also Like...
Tags
attraction
Disney World
fast
Kingdom
land
magic
Magic Kingdom
park
Passing
theme
Today's Top Quizzes in Entertainment
Browse Entertainment
hide this ad
Today's Top Quizzes in Disney World
Browse Disney World
Top Contributed Quizzes in Entertainment
1
7-to-1: DC Comics Villains
2
Marvel Characters Bunker
3
Eurovision 2023 Logic Puzzle
4
Dragon Ball Z: Goku's Fights in Order
5
Criteria Quickie: Cartoon Taxonomy II
6
Sorting Pictures: Villains
7
Kamen Rider Motifs
8
Mini Trivia Sudoku: Musicals
9
Fictional Villains Letter U Blitz
10
7-to-1: One Piece
Explore More
Trending Topics
Harry Potter
Disney
Crossword
Marvel
Kpop
Anime
NBA
WWE
Pokémon
Song
Soccer
NFL
The Office
Puzzle
Country
hide this ad
More By:
Hassan56
Quiz
Plays
Rating
Category
Featured
Created
Disney World Attractions w/ FAST PASS
676
3.20
Entertainment
Dec 17, 2010
Most Wins by an Individual P w/ 100+ win team since '80
90
3.00
Sports
Sep 7, 2012
NY Giants 2009 Final Roster
50
4.00
Sports
Oct 27, 2010
Go to Creator's Profile
Score Distribution
Quiz Creator Spotlight
Hassan56
Follow
Send a Message
Quizzes Created
-
Created Quiz Play Count
-
More By This Creator
Popular Quizzes Today
1
Find the US States - No Outlines Minefield
2
Find the Countries of Europe - No Outlines Minefield
3
The Countries of the World
4
Find the US States
5
Risky Map Clicking: Biggest States A-Z
6
US States
7
Popular People in 1961
8
Movies - When Are They Set?
More Entertainment Quizzes
Silhouettes: Family Guy Characters
Published
Trending Quizzes
Risky Map Clicking: Least Populous States A-Z
1-10 Letter G Words
1-10 Letter F Words
Risky Map Clicking: Next State Alphabetically
Adjectives in 80s TV Shows
Recently Updated
Leaping Animals
pecheneg
Reality TV Shows (A-Z)
bhenderson79
Rickey Henderson's Hall of Fame Teammates
pecheneg
Champions League XIs: Arsenal
pecheneg
Quick Pick: Celebrities in WWE's Hall of Fame
aduchscher
A-Z Keypad Blitz II
pecheneg
Multiple Oscar Actors
pecheneg
Mystery Phrase Blitz: Oscar 'Best Actors'
pecheneg
F. Scott Fitzgerald Novels
LTH
Pick 3 Villains
ddd62291
Trending Topics
Crossword
Kpop
Harry Potter
Anime
NBA
Disney
Marvel
Country
NFL
The Office
Song
WWE
Pokémon
Soccer
Puzzle
Your Account Isn't Verified!
In order to create a playlist on Sporcle, you need to verify the email address you used during registration. Go to your
Sporcle Settings
to finish the process.
Report this User
Report this user for behavior that violates our
Community Guidelines
.
Details:
Send Report
Go to the Sporcle.com Mobile Site →
Comments